000 00749nam a22002417a 4500
003 KOHA_MİRAKIL
005 20260330103529.0
008 260330b tu ||||| |||| 00| 0 tur d
020 _a9786058692107
040 _aTR-AnABB
_btur
_cTR-AnABB
041 _atur
082 _a956.1023
_bKAT 2017
100 1 _aKatkat, Şenol
245 1 0 _aİlk kıvılcım :
_bKurtuluş Savaşı destanımızın ilk adımı /
_cŞenol Katkat
246 _aİlk Kıvılcım
250 _aGeliştirilmiş 2. baskı
260 _aSamsun :
_b[yayl. y.] ,
_c2017
300 _a450 sayfa ;
_c20 cm
500 _aYazar imzalı
650 0 4 _aTarih, Türkiye
650 0 4 _aMilli mücadele, Bağımsızlık Savaşı, Türkiye
942 _2ddc
_cBK
999 _c10072
_d10072
900 _bCan ÇELIK